[Event "Challenge"]
[Site "http://www.queenalice.com/game.php?id=306043"]
[Date "2007.11.18"]
[Round "-"]
[White "appalachia"]
[Black "leinad3"]
[Result "0-1"]
[WhiteElo "1334"]
[BlackElo "1503"]

1. c4 Nf6 2. Nc3 e5 3. e4 Bb4 4. Qc2 Nc6 5. Be2 Bxc3 6. bxc3 d6 7. Bb2 Bg4 8.
Bxg4 Nxg4 9. Nh3 Qf6 10. f3 Qh4+ 11. g3 Qxh3 12. d3 Ne3 13. Qf2 Ng2+ 14. Ke2
O-O-O 15. Rag1 Nf4+ 16. Ke3 Ng6 17. Qg2 Qh6+ 18. f4 exf4+ 19. gxf4 Qxf4+ 20. Ke2
Rde8 21. Qf3 Nce5 22. Qxf4 Nxf4+ 23. Ke3 Nexd3 24. Rxg7 Rhg8 25. Ba3 Rxg7 26. c5
d5 27. Rd1 Rxe4+ 28. Kf3 Ne1+ 0-1

[Event "Challenge"]
[Site "http://www.queenalice.com/game.php?id=306044"]
[Date "2007.11.18"]
[Round "-"]
[White "leinad3"]
[Black "appalachia"]
[Result "1-0"]
[WhiteElo "1470"]
[BlackElo "1369"]

1. e4 d5 2. exd5 Qxd5 3. Nc3 Qd8 4. Bc4 e6 5. a3 Ne7 6. Nf3 Nec6 7. b3 Bd6 8. d3
Ne5 9. O-O Bd7 10. Re1 a6 11. Nxe5 f6 12. Nxd7 Nxd7 13. Bxe6 Ne5 14. d4 1-0

[Event "Challenge"]
[Site "http://www.queenalice.com/game.php?id=306481"]
[Date "2007.11.19"]
[Round "-"]
[White "appalachia"]
[Black "euanmac"]
[Result "0-1"]
[WhiteElo "1361"]
[BlackElo "1575"]

1. Nf3 d5 2. d4 Bg4 3. Qd3 a6 4. e4 Bxf3 5. Qxf3 dxe4 6. Qxe4 c6 7. Nd2 e6 8.
Nf3 Nf6 9. Qd3 h6 10. Be3 Qa5+ 11. c3 Nbd7 12. Bd2 Qd5 13. c4 Qe4+ 14. Qxe4 Nxe4
15. c5 e5 16. dxe5 Bxc5 17. Bc3 Bxf2+ 18. Ke2 f6 19. exf6 Ndxf6 20. Bxf6 gxf6
21. b4 O-O-O 0-1

[Event "Challenge"]
[Site "http://www.queenalice.com/game.php?id=306482"]
[Date "2007.11.19"]
[Round "-"]
[White "euanmac"]
[Black "appalachia"]
[Result "1-0"]
[WhiteElo "1678"]
[BlackElo "1369"]

1. e4 a6 2. d4 d5 3. Nd2 b5 4. b3 dxe4 5. Nxe4 Bb7 6. Nc5 Ra7 7. b4 e6 8. Be3
Bxc5 9. bxc5 e5 10. f3 e4 11. f4 f5 12. c4 c6 13. a4 bxc4 14. Bxc4 Nf6 15. a5
Bc8 16. Qb3 Rb7 17. Qa4 Nfd7 18. O-O-O h6 19. d5 cxd5 20. Rxd5 Qc7 21. Rxf5 g6
22. Bf7+ Ke7 23. Qxe4+ Kf8 24. Bxg6+ Kg7 25. Rf7+ Kg8 26. Qe8+ 1-0

[Event "Challenge"]
[Site "http://www.queenalice.com/game.php?id=306484"]
[Date "2007.11.19"]
[Round "-"]
[White "appalachia"]
[Black "fabrice8989"]
[Result "0-1"]
[WhiteElo "1371"]
[BlackElo "1480"]

1. Nf3 d5 2. d4 Bf5 3. Nc3 Nf6 4. Nh4 e6 5. Bf4 Ng4 6. f3 g5 7. Nxf5 gxf4 8.
fxg4 exf5 9. gxf5 Qh4+ 10. Kd2 Qh6 11. Kd3 c6 12. Qd2 Na6 13. e3 Nb4+ 14. Ke2
Qh5+ 15. Kf2 Qxf5 16. Kg1 f3 17. gxf3 Rg8+ 18. Bg2 Qxf3 19. Rf1 Qh5 20. a3 Na6
21. Kf2 Qh4+ 22. Kg1 f6 23. Ne2 Bh6 24. Ng3 O-O-O 25. Nf5 Qg5 26. Ng3 Qxe3+ 27.
Qxe3 Bxe3+ 0-1

[Event "Challenge"]
[Site "http://www.queenalice.com/game.php?id=306485"]
[Date "2007.11.19"]
[Round "-"]
[White "fabrice8989"]
[Black "appalachia"]
[Result "1-0"]
[WhiteElo "1464"]
[BlackElo "1371"]

1. e4 d5 2. exd5 Qxd5 3. Nc3 Qd8 4. d4 Nf6 5. Bf4 e6 6. Nf3 Bb4 7. Bd2 O-O 8. a3
Bxc3 9. Bxc3 Re8 10. Bc4 c6 11. O-O b5 12. Bb3 Ne4 13. Bb4 a5 14. Bd2 a4 15. Ba2
Nxd2 16. Qxd2 c5 17. d5 Na6 18. Rfe1 Bb7 19. Rad1 Bc8 20. Ng5 f6 21. Nxe6 Bxe6
22. dxe6 Kh8 23. Qxd8 Raxd8 24. Rxd8 1-0

[Event "Challenge"]
[Site "http://www.queenalice.com/game.php?id=306486"]
[Date "2007.11.19"]
[Round "-"]
[White "appalachia"]
[Black "schakertje"]
[Result "0-1"]
[WhiteElo "1321"]
[BlackElo "1382"]

1. g4 d5 2. h3 e5 3. d4 Nf6 4. g5 Ne4 5. f3 Ng3 6. Rh2 Bb4+ 7. Bd2 a5 8. Bxb4
axb4 9. Rg2 Nxf1 10. Kxf1 Nc6 11. h4 Nxd4 12. c3 bxc3 13. bxc3 Nf5 14. e4 Nxh4
15. c4 Rf8 16. Rh2 Nxf3 17. Nxf3 f6 18. gxf6 Rxf6 19. Qxd5 Rxf3+ 20. Kg2 Be6 21.
Qxd8+ Rxd8 22. Kxf3 h6 23. Rc2 Kf8 24. Na3 c6 25. Kf2 Kg8 26. c5 Ra8 27. Nb1 Ra4
28. Nc3 Rc4 29. Ke3 g5 30. Rg1 b5 31. Kf3 b4 0-1

[Event "Challenge"]
[Site "http://www.queenalice.com/game.php?id=306487"]
[Date "2007.11.19"]
[Round "-"]
[White "appalachia"]
[Black "pitbull7ismydog"]
[Result "1-0"]
[WhiteElo "1369"]
[BlackElo "1241"]

1. b4 d5 2. c3 e5 3. d4 exd4 4. Qxd4 Nc6 5. Qd1 b5 6. e3 Na5 7. bxa5 c6 8. e4
dxe4 9. Qxd8+ Kxd8 10. Be3 Be7 11. Nd2 Bf6 12. Bd4 1-0

[Event "Challenge"]
[Site "http://www.queenalice.com/game.php?id=306489"]
[Date "2007.11.19"]
[Round "-"]
[White "pitbull7ismydog"]
[Black "appalachia"]
[Result "0-1"]
[WhiteElo "1277"]
[BlackElo "1356"]

1. e4 d5 2. exd5 Qxd5 3. b3 e5 4. Ne2 f6 5. Nec3 Nc6 6. Nxd5 Bd6 7. Ba3 Be6 8.
Ne3 Bxa3 9. Nxa3 Nge7 10. Nb5 O-O 0-1

[Event "Let's Play Chess!"]
[Site "http://www.queenalice.com/game.php?id=306494"]
[Date "2007.11.19"]
[Round "-"]
[White "appalachia"]
[Black "lucianovdemelo"]
[Result "0-1"]
[WhiteElo "1334"]
[BlackElo "1471"]

1. g4 d5 2. h3 e5 3. d4 e4 4. e3 Nc6 5. Bd2 Nf6 6. g5 Nd7 7. h4 Bd6 8. Nh3 O-O
9. Nf4 Nb6 10. Bh3 Bxh3 11. Rxh3 Bxf4 12. exf4 Nxd4 13. Bb4 Qd7 14. Qxd4 Rfe8
15. Nc3 Qxh3 16. Rd1 Qxh4 17. Ne2 c6 18. Bc5 e3 19. Bxb6 exf2+ 20. Qxf2 Qh1+ 21.
Qg1 Qe4 22. Rd2 axb6 23. Qd4 Rxa2 24. Qxb6 Qh1+ 25. Qg1 Qxg1# 0-1

[Event "Challenge"]
[Site "http://www.queenalice.com/game.php?id=306560"]
[Date "2007.11.19"]
[Round "-"]
[White "appalachia"]
[Black "igor15"]
[Result "1-0"]
[WhiteElo "1366"]
[BlackElo "1367"]

1. c3 Na6 2. b4 d5 3. e3 h5 4. d4 Bg4 5. Be2 Nf6 6. Bf3 e6 7. Nd2 Qd7 8. Qe2
O-O-O 9. Bxg4 Nxg4 10. b5 Nb8 11. a4 c6 12. Ba3 1-0

[Event "Challenge"]
[Site "http://www.queenalice.com/game.php?id=306561"]
[Date "2007.11.19"]
[Round "-"]
[White "igor15"]
[Black "appalachia"]
[Result "0-1"]
[WhiteElo "1395"]
[BlackElo "1348"]

1. e4 e5 2. Bb5 c6 3. Bc4 b5 4. Bb3 Be7 5. Nf3 Bf6 6. O-O Bb7 7. Nc3 b4 8. Ne2
a5 9. a4 c5 10. d3 Ne7 0-1

[Event "AUTO-INT-689"]
[Site "http://www.queenalice.com/game.php?id=306606"]
[Date "2007.11.19"]
[Round "1"]
[White "wolfgang"]
[Black "appalachia"]
[Result "1-0"]
[WhiteElo "1507"]
[BlackElo "1382"]

1. e4 d5 2. f3 dxe4 3. fxe4 e5 4. Nc3 Bd7 5. Nf3 Bd6 6. d4 Bg4 7. Be3 exd4 8.
Bxd4 Nc6 9. Be2 Be5 10. Bxe5 Bxf3 11. Bxg7 Qxd1+ 12. Rxd1 Rd8 13. Bxf3 Rxd1+ 14.
Kxd1 Nge7 15. Bxh8 1-0

[Event "AUTO-INT-689"]
[Site "http://www.queenalice.com/game.php?id=306607"]
[Date "2007.11.19"]
[Round "1"]
[White "appalachia"]
[Black "wolfgang"]
[Result "0-1"]
[WhiteElo "1371"]
[BlackElo "1532"]

1. g4 e5 2. h3 g5 3. c3 Nc6 4. d3 d5 5. Bg2 Be6 6. c4 Bc5 7. e3 Nf6 8. Qc2 Nb4
9. Qe2 Qd6 10. a3 Nc6 11. b4 Bb6 12. b5 Ne7 13. Bb2 O-O-O 14. Qd2 Ng6 15. Qb4
Bc5 16. Qa5 Kb8 17. Nc3 Bb6 18. Qb4 Bc5 19. Qb3 d4 20. Ne4 Nxe4 21. dxe4 Qb6 22.
f4 dxe3 23. a4 Nxf4 24. Rh2 a5 25. Bxe5 Rhg8 26. Bxf4 gxf4 27. Nf3 Bb4+ 28. Kf1
c6 29. Rd1 Rxd1+ 30. Qxd1 Bxc4+ 31. Kg1 Rd8 32. Qc1 cxb5 0-1

[Event "AUTO-INT-689"]
[Site "http://www.queenalice.com/game.php?id=306621"]
[Date "2007.11.19"]
[Round "1"]
[White "appalachia"]
[Black "brainiac"]
[Result "0-1"]
[WhiteElo "1334"]
[BlackElo "1801"]

1. g4 e5 2. d4 exd4 3. h3 Nc6 4. Bg2 Bb4+ 5. Bd2 Bc5 6. e3 Qh4 7. exd4 Bxd4 8.
Be3 Bxb2 9. Nf3 Qf6 10. g5 Qd8 11. Nbd2 Bxa1 12. Qxa1 f6 13. gxf6 Qxf6 14. Qxf6
Nxf6 15. Ng5 Nb4 16. O-O Nxc2 17. Bf4 d6 18. Rc1 Nd4 19. Rc4 Ne2+ 20. Kf1 Nxf4
21. Rxc7 Nxg2 22. Kxg2 O-O 23. Nc4 Nd5 24. Rf7 Rxf7 25. Nxf7 Kxf7 0-1

[Event "AUTO-INT-690"]
[Site "http://www.queenalice.com/game.php?id=307151"]
[Date "2007.11.20"]
[Round "1"]
[White "marcosbratz"]
[Black "appalachia"]
[Result "1-0"]
[WhiteElo "1741"]
[BlackElo "1307"]

1. e4 d5 2. exd5 Qxd5 3. Nc3 Qd8 4. Nf3 e6 5. a3 c6 6. Be2 Bd6 7. d4 Nd7 8. O-O
c5 9. Bb5 a6 10. dxc5 Bxc5 11. Bxd7+ Qxd7 12. Qxd7+ Bxd7 13. Bf4 Bc6 14. Ne5 Bd7
15. Nxd7 Kxd7 16. Rad1+ Kc6 17. b4 Be7 18. Rfe1 Rd8 19. Rxd8 Bxd8 20. Rd1 Bc7
21. Bxc7 Nf6 22. Be5 Kb6 23. Bxf6 gxf6 24. Ne4 f5 25. Nf6 a5 26. bxa5+ Kxa5 27.
Rd7 Ka4 28. Rxb7 Kxa3 29. Rxf7 Kb2 30. Rc7 h6 31. c4 Kc3 32. Rc6 e5 33. h4 Rf8
34. f3 1-0

[Event "AUTO-INT-690"]
[Site "http://www.queenalice.com/game.php?id=307152"]
[Date "2007.11.20"]
[Round "1"]
[White "appalachia"]
[Black "marcosbratz"]
[Result "0-1"]
[WhiteElo "1323"]
[BlackElo "1719"]

1. c4 e5 2. d4 d6 3. d5 c6 4. dxc6 Nxc6 5. e3 Nf6 6. b3 Be7 7. Bd3 O-O 8. Bb2 a5
9. Nc3 Bd7 10. e4 Nb4 11. Qd2 Nxd3+ 12. Qxd3 Bc6 13. Nd5 Bxd5 14. exd5 Qb6 15.
Ne2 Ng4 16. Qg3 Nf6 17. O-O Ne4 18. Qe3 Qxe3 19. fxe3 Bg5 20. Bc1 f5 21. a4 Nc5
22. Ba3 f4 23. exf4 Bxf4 24. b4 Be3+ 25. Kh1 Rxf1+ 26. Rxf1 axb4 27. Bxb4 Rxa4
28. Bxc5 Bxc5 29. Rb1 b6 30. h4 Rxc4 31. h5 Rh4# 0-1

[Event "AUTO-INT-690"]
[Site "http://www.queenalice.com/game.php?id=307169"]
[Date "2007.11.20"]
[Round "1"]
[White "appalachia"]
[Black "erivaldoadao"]
[Result "0-1"]
[WhiteElo "1380"]
[BlackElo "1597"]

1. c4 Nf6 2. d4 g6 3. e3 Bg7 4. d5 d6 5. Bd3 O-O 6. e4 e5 7. Bg5 Qd7 8. Bxf6
Bxf6 9. f3 c6 10. g4 Na6 11. Qd2 Nc5 12. Be2 Qe7 13. g5 Bxg5 14. Qc3 Nd7 15.
dxc6 Nc5 16. b4 Na4 17. Qb3 Nb6 0-1

[Event "AUTO-INT-690"]
[Site "http://www.queenalice.com/game.php?id=307170"]
[Date "2007.11.20"]
[Round "1"]
[White "erivaldoadao"]
[Black "appalachia"]
[Result "1-0"]
[WhiteElo "1604"]
[BlackElo "1373"]

1. e4 d5 2. exd5 Qxd5 3. Nc3 Qd8 4. Nf3 e6 5. Be2 c6 6. d4 Bb4 7. Bd2 Bxc3 8.
Bxc3 Na6 9. Bxa6 b5 10. Bxc8 Qxc8 11. O-O Ne7 12. Re1 Qc7 13. Ne5 Nd5 14. Qf3 f5
15. Qh3 O-O-O 16. a4 g6 17. Qh6 Nxc3 18. bxc3 1-0